Abeceda zvládania námietok
Námietka, ktorá bráni napredovaniu obchodného prípadu. Argumenty zákazníka a kľúčové prvky obchodníka aby zistil, čo sa za námietkou v skutočnosti skrýva. Tri hlavné dôvody, prečo zákazníci namietajú. Logika a emócie.
Saved in:
| Main Author: | |
|---|---|
| Format: | Book Chapter |
| Language: | Slovak |
| Subjects: | |
| Tags: |
No Tags, Be the first to tag this record!
|
MARC
| LEADER | 00000naa a2200000 4500 | ||
|---|---|---|---|
| 001 | 0230120 | ||
| 005 | 20170516111913.8 | ||
| 041 | 0 | |a slo | |
| 044 | |a SK | ||
| 245 | 1 | 0 | |a Abeceda zvládania námietok |c Martin Mišík |
| 520 | |a Námietka, ktorá bráni napredovaniu obchodného prípadu. Argumenty zákazníka a kľúčové prvky obchodníka aby zistil, čo sa za námietkou v skutočnosti skrýva. Tri hlavné dôvody, prečo zákazníci namietajú. Logika a emócie. | ||
| 610 | 2 | 0 | |a marketing |
| 610 | 2 | 0 | |a obchodníci |
| 610 | 2 | 0 | |a ponuka |
| 610 | 2 | 0 | |a predaj |
| 610 | 2 | 0 | |a rozhodovanie nákupné |
| 610 | 2 | 0 | |a logika |
| 610 | 2 | 0 | |a emócie |
| 610 | 2 | 0 | |a zákazníci |
| 610 | 2 | 0 | |a psychológia predaja |
| 100 | 1 | |a Mišík, Martin | |